| 000 -LEADER | |
|---|---|
| fixed length control field | 00387nam a22001457a 4500 |
| 005 - DATE AND TIME OF LATEST TRANSACTION | |
| control field | 20200710130805.0 |
| 008 - FIXED-LENGTH DATA ELEMENTS--GENERAL INFORMATION | |
| fixed length control field | 200710b xxu||||| |||| 00| 0 eng d |
| 082 ## - DEWEY DECIMAL CLASSIFICATION NUMBER | |
| Classification number | 345.4005 BHA-I |
| 100 ## - MAIN ENTRY--AUTHOR NAME | |
| Personal name | BHATT,VIJAY |
| 245 ## - TITLE STATEMENT | |
| Title | INDIAN BAR REVIEW Vol. XLII(4) 2015 (OCT TO DEC) |
| 260 ## - PUBLICATION, DISTRIBUTION, ETC. (IMPRINT) | |
| Place of publication | NEW DELHI |
| Name of publisher | BAR COUNCIL OF INDIA |
| Year of publication | 2015 |
| 300 ## - PHYSICAL DESCRIPTION | |
| Number of Pages | 178p. |
| 650 ## - SUBJECT ADDED ENTRY--TOPICAL TERM | |
| Topical Term | LAW |
| 942 ## - ADDED ENTRY ELEMENTS (KOHA) | |
| Koha item type | Journals/Serial |
| Lost status | Damaged status | Collection code | Home library | Current library | Shelving location | Date acquired | Source of acquisition | Cost, normal purchase price | Full call number | Accession Number | Koha item type |
|---|---|---|---|---|---|---|---|---|---|---|---|
| LAW | JRU Library | JRU Library | SHELF-33-C | 22/07/2020 | PURCHASE | 16000.00 | 345.4005 BHA-I | 25020 | Journals/Serial | ||
| LAW | JRU Library | JRU Library | SHELF-33-C | 22/07/2020 | PURCHASE | 16000.00 | 345.4005 BHA-I | 25021 | Journals/Serial | ||
| LAW | JRU Library | JRU Library | SHELF-33-C | 22/07/2020 | PURCHASE | 16000.00 | 345.4005 BHA-I | 25022 | Journals/Serial | ||
| LAW | JRU Library | JRU Library | SHELF-33-C | 22/07/2020 | PURCHASE | 16000.00 | 345.4005 BHA-I | 25023 | Journals/Serial | ||
| LAW | JRU Library | JRU Library | SHELF-33-C | 22/07/2020 | PURCHASE | 16000.00 | 345.4005 BHA-I | 25024 | Journals/Serial | ||
| LAW | JRU Library | JRU Library | SHELF-33-C | 22/07/2020 | PURCHASE | 16000.00 | 345.4005 BHA-I | 25025 | Journals/Serial | ||
| LAW | JRU Library | JRU Library | SHELF-33-C | 22/07/2020 | PURCHASE | 16000.00 | 345.4005 BHA-I | 25026 | Journals/Serial | ||
| LAW | JRU Library | JRU Library | SHELF-33-C | 22/07/2020 | PURCHASE | 16000.00 | 345.4005 BHA-I | 25027 | Journals/Serial | ||
| LAW | JRU Library | JRU Library | SHELF-33-C | 22/07/2020 | PURCHASE | 16000.00 | 345.4005 BHA-I | 25028 | Journals/Serial | ||
| LAW | JRU Library | JRU Library | SHELF-33-C | 22/07/2020 | PURCHASE | 16000.00 | 345.4005 BHA-I | 25029 | Journals/Serial |